000
00302nam a22001337a 4500
008
171031b xxu||||| |||| 00| 0 eng d
020
_a
9780077572808
041
_a
eng
080
_a
33
100
_a
58
101
_a
BUS
245
_a
PRACTICAL BUSINESS MATH PROCEDURES
_c
SLATER, J
942
_2
udc
_c
BK
999
_c
36739
_d
36739